| 000 | 00347nam a2200133Ia 4500 | ||
|---|---|---|---|
| 008 | 240624s9999 xx 000 0 und d | ||
| 041 | _aeng | ||
| 082 | _a658.472 TOM | ||
| 100 | _aTOMAR GEETAM S | ||
| 245 | _aHUMAN ELEMENT OF BIG DATA ISSUES ANALYTI | ||
| 260 |
_c2018 _aNew Delhi _bCRC Press |
||
| 300 | _axii, 351 p.; 23 cm. | ||
| 365 |
_cRS _b35 |
||
| 999 |
_c31685 _d31685 |
||